Statistics for Canadian Premier League Teams

Click here to take the quiz!

General Stats

  • This quiz has been taken 142 times
    (25 since last reset)
  • The average score is 6 of 8

Answer Stats

Answer% Correct
Forge FC
79%
Vancouver FC
79%
Atletico Ottawa
74%
Cavalry FC
74%
York United FC
74%
HFX Wanderers FC
68%
Pacific FC
68%
Valour FC
68%

Score Distribution

Percentile by Number Answered

Percent of People with Each Score

Your Score History

You have not taken this quiz since the last reset